000 004520000a22001690004500
090 _aAR
_b00174
245 1 0 _aWie entstand das dunkle farbkleid der inseleidechsen?
650 1 4 _aBiogeografía
_992747
650 1 4 _aEvolución
_992797
650 1 4 _areptiles
_993051
650 1 4 _aFauna
_992594
041 0 _aAlemán
700 1 _aFrankfurt, M.
_993052
100 1 _aMertens, Robert
_993053
942 _cARTICULO
773 1 _tUmschau
_381
_q180-183
_d1963
_g6
999 _c9275
_d9275